|
|
|
|
| LEADER |
01263nam a2200373 a 4500 |
| 001 |
000626955 |
| 003 |
CZ BrMZK |
| 005 |
20160608113953.0 |
| 007 |
ta |
| 008 |
021002s2002 xr e f slo d |
| 035 |
|
|
|a (OCoLC)53263773
|
| 040 |
|
|
|a BOA001
|b cze
|
| 041 |
1 |
|
|a slo
|h eng
|
| 072 |
|
7 |
|a 591
|x Obecná zoologie
|2 Konspekt
|9 2
|
| 080 |
|
|
|a 591.531.2
|2 MRF
|
| 080 |
|
|
|a 591.5
|2 MRF
|
| 080 |
|
|
|a (0.062)
|2 MRF
|
| 100 |
1 |
|
|a Parker, Steve,
|d 1952-
|7 jn20010310245
|4 aut
|
| 245 |
1 |
0 |
|a Predátori :
|b veľká kniha : ako predátory nachádzajú, lovia a konzumujú svoju korisť /
|c [Steve Parker]
|
| 246 |
3 |
3 |
|a Veľká kniha Predátory
|
| 250 |
|
|
|a 1. slovenské vyd.
|
| 260 |
|
|
|a Praha :
|b Cesty,
|c 2002
|
| 300 |
|
|
|a 128 s. :
|b barev. il. ;
|c 29 cm
|
| 500 |
|
|
|a Vydavatel: Ottovo nakladatelství
|
| 500 |
|
|
|a Přeloženo z angličtiny
|
| 504 |
|
|
|a Obsahuje rejstřík
|
| 650 |
0 |
7 |
|a predátoři
|7 ph169368
|2 czenas
|
| 650 |
0 |
7 |
|a ekologie živočichů
|7 ph114419
|2 czenas
|
| 655 |
|
7 |
|a populárně-naučné publikace
|7 fd131864
|2 czenas
|
| 765 |
0 |
|
|t Predators
|9 Slovensky
|
| 910 |
|
|
|a BOA001
|b 3-1108.061
|
| 990 |
|
|
|a BK
|
| 029 |
|
|
|a 80-7181-755-4
|
| 996 |
6 |
|
|b 2610171583
|c 3-1108.061
|l MZK
|r Sklad / do 1 hodiny
|n 0
|p p.v.
|w 000626955
|u 000010
|a 1
|e BOA001
|j MZK50
|s P
|